Spoločensky zodpovedné podnikanie v podmienkach Slovenskej republiky

Skúmanie vzťahu medzi výdavkami na spoločenskú zodpovednosť firiem a finančnou výkonnosťou spoločností, pôsobiacich na Slovensku. Zisťovanie, či spoločensky zodpovedné aktivity vedú k zlepšeniu ziskovosti v krátkodobom horizonte.

Enregistré dans:
Détails bibliographiques
Auteur principal: Jančovičová Bognárová, Kristína, 1979-
Format: Chapitre de livre
Langue:slovaque
Sujets:
Tags: Ajouter un tag
Pas de tags, Soyez le premier à ajouter un tag!

MARC

LEADER 00000naa$a2200000$$$4500
001 0314185
005 20260120092949.8
041 0 |a slo 
044 |a SK 
245 1 0 |a Spoločensky zodpovedné podnikanie v podmienkach Slovenskej republiky  |c Kristína Jančovičová Bognárová 
520 |a Skúmanie vzťahu medzi výdavkami na spoločenskú zodpovednosť firiem a finančnou výkonnosťou spoločností, pôsobiacich na Slovensku. Zisťovanie, či spoločensky zodpovedné aktivity vedú k zlepšeniu ziskovosti v krátkodobom horizonte. 
610 2 0 |a zodpovednosť podniku spoločenská 
610 2 0 |a dary 
610 2 0 |a výdavky 
610 2 0 |a výkonnosť 
610 2 0 |a výkonnosť finančná 
610 2 0 |a financie 
100 1 |a Jančovičová Bognárová, Kristína, 1979-